000 00801nam a2200217Ia 4500
003 GCL
008 140319s9999 xx 000 0 ara d
020 _a0624319953
040 _aGCL /
_cGCL
082 0 4 _a341.52
_bن و
100 1 _aنهلة ياسين حمدان
245 1 0 _aالوساطة في الخلافات العربية المعاصرة /
_cنهلة ياسين حمدان
250 _aالاولى
260 _aالقاهرة :
_bمركز دراسات الوحدة العربية ،
_c2003
300 _a342 ص ؛
_c25 سم
490 _aسلسلة اطروحات الدكتوراة
_v46
650 0 4 _aالمنازعات الدولية
650 0 4 _aالوساطة الدولية
650 0 4 _aالتسوية السلمية للمنازعات الدولية
942 _2ddc
_cBK
999 _c57645
_d57645